| 000 | 00449nam a22001697a 4500 | ||
|---|---|---|---|
| 003 | IT-RoPau | ||
| 005 | 20220918175941.0 | ||
| 008 | 130208b xxu||||| |||| 00| 0 eng d | ||
| 040 | _cIT-RoPau | ||
| 100 |
_aFamilia Paulina _9391 |
||
| 245 |
_aCooperador Paulino 1985 Spagna _bnumero especial |
||
| 250 | _a1° ed. | ||
| 260 |
_aMadrid _bSociedad de San Pablo _c1985 |
||
| 300 |
_a34 p. _c26 cm |
||
| 500 | _aEnero-Febrero 1985. | ||
| 942 |
_2ddc _cCR |
||
| 999 |
_c38023 _d38023 |
||